Riconosci il Pokémon - Quiz n°507 - Statistics

Statistiche generali
  • Questo quiz è stato fatto 2 volte
  • Il punteggio medio è 2 su 10
Statistiche sulle risposte
Indizio Risposta % Corretto
Tipo Erba
100%
Generazione Ottaca
100%
Altezza 0,4 m
0%
Tasso di cattura 190 (35.2%)
0%
Peso 2,2 kg
0%
Sesso 50% ♂, 50% ♀
0%
Stadio evoluzione Forma Base
0%
Pokémon Gossifleur
0%
Abilità Lanugine; Rigenergia; Spargispora
0%
Tasso di allevamento Medio-Veloce
0%
Nessun quiz corrispondente trovato
Distribuzione punteggi
Percentuale di utenti per punteggio
Percentile per numero di risposta
I tuoi punteggi nel tempo
Non hai fatto questo quiz